| 000 | 00536nam a2200193Ia 4500 | ||
|---|---|---|---|
| 005 | 20250508163630.0 | ||
| 008 | 008 250505s9999 xx 000 0 eng d | ||
| 037 | _aTextual | ||
| 040 |
_aFEDL _beng _cFEDL |
||
| 041 |
_aeng _2eng |
||
| 084 |
_a158.12, CHI _qFEDL |
||
| 100 | _aChinmayananda Swami | ||
| 245 | 0 | _aMeditation and life | |
| 260 |
_aBombay, India _bCentral Chinmaya Mission Trust _c1980 |
||
| 300 | _a218p. | ||
| 650 | _aApplied Psychology | ||
| 942 |
_cTEXL _h158.12, CHI |
||
| 999 |
_c1384431 _d1384431 |
||